|
|
|
|
| LEADER |
00000naa2a2200000 4500 |
| 001 |
611498 |
| 005 |
20231220111705.0 |
| 035 |
|
|
|a (RuTPU)RU\TPU\conf\9294
|
| 090 |
|
|
|a 611498
|
| 100 |
|
|
|a 20150330d2011 k y0rusy50 ca
|
| 101 |
0 |
|
|a rus
|
| 102 |
|
|
|a RU
|
| 105 |
|
|
|a a z 100zy
|
| 135 |
|
|
|a drcn ---uucaa
|
| 181 |
|
0 |
|a i
|
| 182 |
|
0 |
|a b
|
| 200 |
1 |
|
|a Исследование факторов, влияющих на качество поверхности, полученной лазерным спеканием
|f Н. А. Сапрыкина, А. А. Сапрыкин, Д. А. Шигаев
|
| 203 |
|
|
|a Текст
|c электронный
|
| 215 |
|
|
|a 1 файл (252 Кб)
|
| 225 |
1 |
|
|a Перспективные направления развития металлургии и материаловедения
|
| 300 |
|
|
|a Заглавие с титульного листа.
|
| 320 |
|
|
|a [Библиогр.: с. 438 (8 назв.)]
|
| 337 |
|
|
|a Adobe Reader
|
| 463 |
|
0 |
|0 (RuTPU)RU\TPU\conf\6910
|t Машиностроение - традиции и инновации
|o сборник трудов Всероссийской молодежной конференции, Юрга, 30 августа - 1 сентября 2011 г.
|f Национальный исследовательский Томский политехнический университет (ТПУ), Юргинский технологический институт (ЮТИ) ; отв. ред. Д. А. Чинахов
|v [С. 436-438]
|d 2011
|
| 610 |
1 |
|
|a труды учёных ТПУ
|
| 610 |
1 |
|
|a электронный ресурс
|
| 610 |
1 |
|
|a лазерное спекание
|
| 610 |
1 |
|
|a качество
|
| 610 |
1 |
|
|a поверхности
|
| 700 |
|
1 |
|a Сапрыкина
|b Н. А.
|c специалист в области машиностроения
|c доцент Юргинского технологического иститута (филиала) Томского политехнического университета, кандидат технических наук
|f 1977-
|g Наталья Анатольевна
|3 (RuTPU)RU\TPU\pers\26502
|9 12204
|
| 701 |
|
1 |
|a Сапрыкин
|b А. А.
|c специалист в области машиностроения
|c заведующий кафедрой Юргинского технологического института (филиала) Томского политехнического университета, кандидат технических наук
|f 1977-
|g Александр Александрович
|3 (RuTPU)RU\TPU\pers\24241
|9 10727
|
| 701 |
|
1 |
|a Шигаев
|b Д. А.
|
| 801 |
|
2 |
|a RU
|b 63413507
|c 20151119
|g RCR
|
| 856 |
4 |
|
|u http://www.lib.tpu.ru/fulltext/c/2011/C83/004.pdf
|
| 942 |
|
|
|c BK
|